Retos y dificultades en el control de la gestion de las empresas electricas de Colombia (Registro nro. 265776)

Detalles MARC
001 - NÚMERO DE CONTROL
campo de control 820999
005 - FECHA Y HORA DE LA ÚLTIMA TRANSACCIÓN
campo de control 20240201184229.0
008 - DATOS DE LONGITUD FIJA--INFORMACIÓN GENERAL
campo de control de longitud fija 021004e19891001 spa
035 ## - NÚMERO DE CONTROL DEL SISTEMA
Número de control de sistema 820999
Número de control cancelado/no válido 366
040 ## - FUENTE DE LA CATALOGACIÓN
Centro/agencia transcriptor comduadb
041 ## - CÓDIGO DE LENGUA
Código de lengua del texto/banda sonora o título independiente spa
100 10 - ENTRADA PRINCIPAL--NOMBRE DE PERSONA
Nombre de persona Garcia B., Carlos A.
Código de función aut
Término indicativo de función/relación Autor/a
9 (RLIN) 373257
245 10 - MENCIÓN DE TÍTULO
Título Retos y dificultades en el control de la gestion de las empresas electricas de Colombia
260 ## - PUBLICACIÓN, DISTRIBUCIÓN, ETC.
Lugar de publicación, distribución, etc. Bogotá :
Nombre del editor, distribuidor, etc. Asociacion Colombiana para la Modernizacion del Estado,
Fecha de publicación, distribución, etc. 1989.
300 ## - DESCRIPCIÓN FÍSICA
Extensión p. 264-280
650 ## - PUNTO DE ACCESO ADICIONAL DE MATERIA--TÉRMINO DE MATERIA
Término de materia o nombre geográfico como elemento de entrada Sector eléctrico
9 (RLIN) 15724
650 ## - PUNTO DE ACCESO ADICIONAL DE MATERIA--TÉRMINO DE MATERIA
Término de materia o nombre geográfico como elemento de entrada Empresas públicas
9 (RLIN) 5123
710 20 - ENTRADA AGREGADA--NOMBRE DE ENTIDAD CORPORATIVA
Nombre de entidad corporativa o nombre de jurisdicción como elemento de entrada Asociacion Colombiana para la Modernizacion del Estado
Código de función aut
Término indicativo de función/relación Autor/a
9 (RLIN) 830886
711 20 - ENTRADA AGREGADA--NOMBRE DE REUNIÓN
Nombre de congreso/reunión o jurisdicción como elemento de entrada Foro Nacional sobre Servicios Publicos (1989 : Bogota),
Código de función aut
Unidad subordinada aut
773 0# - ENLACE AL DOCUMENTO FUENTE/ENTRADA DE REGISTRO ANFITRIÓN
Título Foro Nacional sobre Servicios Públicos
Número de control del registro 815992
-- (OCoLC)777752505
Número bibliográfico anfitrión 259402
942 ## - ELEMENTOS DE ENTRADA AGREGADA (KOHA)
Tipo de ítem Koha Capítulo de Libro
Suprimir en OPAC No

No hay ítems disponibles.